| 000 | 00891nam a2200277Ia 4500 | ||
|---|---|---|---|
| 005 | 20180313061223.0 | ||
| 008 | 130821s2007 xxua gr eng | ||
| 020 | _a0443101787 | ||
| 040 |
_aCo-BoUCM _bspa |
||
| 041 | 0 | 0 | _aeng |
| 060 |
_aWE 750 _25 |
||
| 245 | 0 | 0 |
_aMovement, stability& lumbopelvic pain integration of research and therapy _cAndry Vleeming, Vert Mooney, Rob Stoeckart; editores |
| 250 | _a2a. Ed. | ||
| 260 |
_aNueva York (Estados Unidos) _bElsevier _c2007 |
||
| 300 |
_a658 páginas _bilustraciones |
||
| 504 | _aIncluye bibliografía | ||
| 650 | 0 | 4 |
_aBiomecánica _910139 |
| 650 | 0 | 4 |
_aDolor lumbar _913539 |
| 650 | 0 | 4 |
_aDolor _913529 |
| 650 | 0 | 4 |
_aMovimiento humano _919823 |
| 650 | 0 | 4 |
_aOrtopedia _920921 |
| 700 | 1 |
_aMooney, Vert _eed. |
|
| 700 | 1 |
_aStoeckart, Rob _eed. |
|
| 700 | 1 |
_aVleeming, Andry _eed. |
|
| 942 |
_cLIBRO _a15 _e2 _mM935 _2NLM _hWE 750 _n0 |
||
| 999 |
_c52677 _d52677 |
||